Civil and environmental engineering test equipment ELE National
Kaydedildi:
| Materyal Türü: | Kitap |
|---|---|
| Dil: | Undetermined |
| Baskı/Yayın Bilgisi: |
USA
ELE International Ltd
1993
|
| Konular: | |
| Etiketler: |
Etiketle
Etiket eklenmemiş, İlk siz ekleyin!
|
| Thư viện lưu trữ: | Trung tâm Học liệu Trường Đại học Cần Thơ |
|---|
| LEADER | 00453nam a2200169Ia 4500 | ||
|---|---|---|---|
| 001 | CTU_23477 | ||
| 008 | 210402s9999 xx 000 0 und d | ||
| 082 | |a 016.621 | ||
| 082 | |b C582 | ||
| 245 | 0 | |a Civil and environmental engineering test equipment | |
| 245 | 0 | |b ELE National | |
| 260 | |a USA | ||
| 260 | |b ELE International Ltd | ||
| 260 | |c 1993 | ||
| 650 | |a measurement | ||
| 904 | |i Truc | ||
| 980 | |a Trung tâm Học liệu Trường Đại học Cần Thơ | ||